Theologia Dogmatica

Prednášky z dogmatickej teológie podľa autora J. B. Schwetza, riadneho profesora teológie na univerzite vo Viedni, čítané lektorom Ladislavom Zavoďanom na františkánskom teologickom štúdiu v Hlohovci, zapísané poslucháčom 3. ročníka Antonom Matúškom

Bibliographic Details
Main Authors: Schwetz, Johannes Baptist, 1803-1890 (Author), Zavoďan, Ladislav (Author)
Format: Manuscript Book
Language:Latin
PhysicalDescription:191 nečíslovaných strán rukopis 31 cm
Published: Galgoczii 1870-1871
Subjects:

MARC

LEADER 00000ntmaa2200000 a 4500
001 vtls011563840
003 SK-MaSNL
005 20260302084853.0
008 230802i1870 xo || 000 s lat
035 |a urn:nbn:sk:snk-tm00ceev 
035 |a urn:nbn:sk:snk-tm3n2ia 
035 |a 33E4D4B8-8A64-4F06-92E5-94CE0CFE887C 
040 |a SNKLA  |b slo  |c SNKLA  |e AACR2 
041 0 |a lat 
044 |a xo  |c SK 
072 7 |a 27-78  |x Kresťanské združenia, spolky a organizácie. Rehoľné rády  |2 konspekt 
080 |a 27-284  |2 2011 
080 |a 82-5  |2 2011 
080 |a 025.171  |2 2011 
080 |a 2-11  |2 2011 
100 1 |a Schwetz, Johannes Baptist,  |d 1803-1890  |4 aut  |9 422332 
245 1 0 |a Theologia Dogmatica  |c Auctore clariss. d. Joann Schvetz ; Tradita Galgoczii sub p. Ladislao Zavodjan ; [perscripta] Antonio Matusek 
260 |a Galgoczii  |c 1870-1871 
300 |a 191 nečíslovaných strán  |b rukopis  |c 31 cm 
500 |a Práca nie je ukončená, chýba 4. časť a pokračovanie po 9. časti 
520 2 |a Prednášky z dogmatickej teológie podľa autora J. B. Schwetza, riadneho profesora teológie na univerzite vo Viedni, čítané lektorom Ladislavom Zavoďanom na františkánskom teologickom štúdiu v Hlohovci, zapísané poslucháčom 3. ročníka Antonom Matúškom 
555 0 |a Inventár rukopisov Archívu literatúry a umenia Matice slovenskej. Rukopisy historických knižníc na Slovensku I. Martin: Matica slovenská 1992 
610 2 7 |a Františkáni (Hlohovec, Slovensko)  |b Salvatoriánska provincia  |2 SNKLA  |9 341936 
650 0 7 |a dogmatická teológia  |2 SNKPH  |9 1805 
650 0 7 |a teologické školy  |2 SNKPH  |9 81400 
655 7 |a prednášky  |2 SNKPH  |9 70554 
655 7 |a rukopisy  |2 SNKPH  |9 70548 
700 1 |a Zavoďan, Ladislav  |4 aut  |9 552664 
700 1 |a Matúšek, Anton  |4 trc  |9 422333 
752 |a Slovensko  |d Hlohovec 
852 |a Slovenská národná knižnica  |b Literárny archív 
958 |a ZH 
958 |a LAVD 
999 |c 1189612  |d 1191542 
952 |a SNKLA  |b SNKLA  |c SNKLA_DEP  |y NEVYP  |7 0  |p 17A1191386  |o snkRHKS 190  |0 0  |1 0  |4 0  |d 2016-06-29  |f 1  |l 0  |r 2026-02-24 22:07:46  |w 2026-02-24